Engineered semiconducting metal oxides and their p-n junctions for gas sensing application: (Record no. 115952)

MARC details
000 -LEADER
fixed length control field 00467nam a22001337a 4500
005 - DATE AND TIME OF LATEST TRANSACTION
control field 20260316130020.0
008 - FIXED-LENGTH DATA ELEMENTS--GENERAL INFORMATION
fixed length control field 260316b |||||||| |||| 00| 0 eng d
100 ## - MAIN ENTRY--PERSONAL NAME
Personal name Siril V. S.
245 ## - TITLE STATEMENT
Title Engineered semiconducting metal oxides and their p-n junctions for gas sensing application:
Remainder of title fabrication and characterization
260 ## - PUBLICATION, DISTRIBUTION, ETC. (IMPRINT)
Place of publication, distribution, etc Kochi
Name of publisher, distributor, etc Department of Instrumentation, CUSAT
Date of publication, distribution, etc 2025
300 ## - PHYSICAL DESCRIPTION
Extent xxvi,249p.
700 ## - ADDED ENTRY--PERSONAL NAME
Personal name Guided by K. N. Madhusoodanan
942 ## - ADDED ENTRY ELEMENTS (KOHA)
item type Under processing
Holdings
Lost status Source of classification or shelving scheme Not for loan Home library Current library Date acquired Total Checkouts Barcode Date last seen Price effective from Koha item type
  Universal Decimal Classification Not For Loan University Library University Library 16/03/2026   T0002456 16/03/2026 16/03/2026 Under processing
University Library, CUSAT